The wounded heart : (Record no. 7050)
[ view plain ]
| 000 -LEADER | |
|---|---|
| fixed length control field | 01327cam a2200289Ia 4500 |
| 001 - CONTROL NUMBER | |
| control field | 299575303 |
| 003 - CONTROL NUMBER IDENTIFIER | |
| control field | OCoLC |
| 005 - DATE AND TIME OF LATEST TRANSACTION | |
| control field | 20190122171252.0 |
| 008 - FIXED-LENGTH DATA ELEMENTS--GENERAL INFORMATION | |
| fixed length control field | 090126s2008 cou b 000 0 eng d |
| 020 ## - INTERNATIONAL STANDARD BOOK NUMBER | |
| International Standard Book Number | 9781600063077 (pbk.) |
| 020 ## - INTERNATIONAL STANDARD BOOK NUMBER | |
| International Standard Book Number | 1600063071 (pbk.) |
| 035 ## - SYSTEM CONTROL NUMBER | |
| System control number | (OCoLC)299575303 |
| 040 ## - CATALOGING SOURCE | |
| Original cataloging agency | FM0 |
| Transcribing agency | FM0 |
| Modifying agency | DPL |
| -- | CIN |
| 082 ## - DEWEY DECIMAL CLASSIFICATION NUMBER | |
| Classification number | 362.76 |
| Item number | A432w |
| 100 1# - MAIN ENTRY--PERSONAL NAME | |
| Personal name | Allender, Dan B |
| 245 14 - TITLE STATEMENT | |
| Title | The wounded heart : |
| Remainder of title | hope for adult victims of childhood sexual abuse / |
| Statement of responsibility, etc. | Dan B. Allender ; [foreword by Larry Crabb] |
| 250 ## - EDITION STATEMENT | |
| Edition statement | Rev. ed |
| 260 ## - PUBLICATION, DISTRIBUTION, ETC. | |
| Place of publication, distribution, etc. | Colorado Springs, Colo. : |
| Name of publisher, distributor, etc. | NavPress, |
| Date of publication, distribution, etc. | c2008 |
| 300 ## - PHYSICAL DESCRIPTION | |
| Extent | 271 p. ; |
| Dimensions | 23 cm |
| 504 ## - BIBLIOGRAPHY, ETC. NOTE | |
| Bibliography, etc. note | Includes bibliographical references (p. 267-270) |
| 505 0# - FORMATTED CONTENTS NOTE | |
| Formatted contents note | Pt. 1. The dynamics of abuse. The reality of a war : facing the battle ; The enemy : sin and shame ; Deflection : the clash with contempt ; The war zone : strategies for abuse -- Pt. 2. The damage of abuse. Powerlessness ; Betrayal ; Ambivalence ; Secondary symptoms ; Style of relating - Pt. 3. Prerequisites for growth. The unlikely route to joy ; honesty ; Repentance ; Bold love ; Epilogue : words to the wise |
| 650 #0 - SUBJECT ADDED ENTRY--TOPICAL TERM | |
| Topical term or geographic name entry element | Child sexual abuse |
| 650 #0 - SUBJECT ADDED ENTRY--TOPICAL TERM | |
| Topical term or geographic name entry element | Child sexual abuse |
| General subdivision | Religious aspects |
| -- | Christianity |
| 650 #0 - SUBJECT ADDED ENTRY--TOPICAL TERM | |
| Topical term or geographic name entry element | Adult child sexual abuse victims |
| 650 #0 - SUBJECT ADDED ENTRY--TOPICAL TERM | |
| Topical term or geographic name entry element | Incest victims |
| 942 ## - ADDED ENTRY ELEMENTS (KOHA) | |
| Source of classification or shelving scheme | Dewey Decimal Classification |
| Koha item type | Books |
| Withdrawn status | Lost status | Source of classification or shelving scheme | Damaged status | Not for loan | Collection code | Home library | Current library | Shelving location | Date acquired | Cost, normal purchase price | Total Checkouts | Full call number | Barcode | Date last seen | Price effective from | Koha item type |
|---|---|---|---|---|---|---|---|---|---|---|---|---|---|---|---|---|
| Dewey Decimal Classification | Non-fiction | Harvest Mission College | Harvest Mission College | General Stacks | 22.01.2019 | 1050.00 | 362.76 A432w | 008031 | 22.01.2019 | 22.01.2019 | Books |
